000 00760nam0a22002531 4500
001 RU\NLR\INFOCOMM6\ROSSICA\1000349018
005 20250613190224.0
035 _a(NLR Aleph) 009905264
090 _a10591398
_c10591398
100 _a20030424d1914 |||y0rusy50 ca
101 0 _afre
102 _aRU
105 _ay ||||000ay
200 1 _aActes de la cinquieme session de l'Association internationale des Académies, St.Pétersbourg 1913
210 _aSt.Pétersbourg
_d1914
215 _d
710 1 2 _aAssociation internationale des Académies
_b5.session
_f1913
_eSt.Pétersbourg
_4070
801 1 _aRU
_bInfoComm
_c20030424
801 0 _aRU
_bNLR
_gPSBO
852 _aNLR
_j21.6.1.480
942 _cBOOK
980 _aNB
980 _aRossica